[Event "BI-2011-P-00017"]
[Site "LSS email"]
[Date "2011.04.17"]
[Round "?"]
[White "McCarty, Andy"]
[Black "Anderson, Lawrence D"]
[Result "1-0"]
[WhiteElo "800"]
[BlackElo "1313"]
[PlyCount "41"]
[EventDate "2011.04.20"]
[EventType "tourn (corr)"]
[EventRounds "10"]
[EventCountry "GER"]
[SourceTitle "Telechess CBM 151"]
[Source "ChessBase"]
[SourceDate "2012.11.13"]
[SourceVersion "1"]
[SourceVersionDate "2012.11.13"]
[SourceQuality "1"]

1. d4 Nf6 2. c4 e6 3. Nc3 Bb4 4. Nf3 c5 5. Bg5 Qa5 6. Bxf6 Bxc3+ 7. bxc3 Qxc3+ 8. Nd2 gxf6 9. e3 cxd4 10. exd4 Qxd4 11. Be2 Nc6 12. 0-0 d6 13. Qc2 Bd7 14. Nf3 Qc5 15. Rab1 Na5 16. Rfc1 Rc8 17. Qe4 f5 18. Qh4 b6 19. Ng5 Qe5 20. Bh5 Ke7 21. Nxf7+ 1-0

[Event "BI-2011-P-00017"]
[Site "LSS email"]
[Date "2011.04.17"]
[Round "?"]
[White "McCarty, Andy"]
[Black "Laureles, Raymundo"]
[Result "0-1"]
[WhiteElo "800"]
[BlackElo "1150"]
[PlyCount "72"]
[EventDate "2011.04.20"]
[EventType "tourn (corr)"]
[EventRounds "10"]
[EventCountry "GER"]
[SourceTitle "Telechess CBM 151"]
[Source "ChessBase"]
[SourceDate "2012.11.13"]
[SourceVersion "1"]
[SourceVersionDate "2012.11.13"]
[SourceQuality "1"]

1. d4 Nf6 2. c4 e5 3. Bg5 exd4 4. Nf3 Bb4+ 5. Nbd2 Nc6 6. e3 dxe3 7. fxe3 0-0 8. Bd3 h6 9. Bh4 Re8 10. 0-0 Rxe3 11. Bc2 Bc5 12. Bf2 Ng4 13. Ne4 Nxf2 14. Nxf2 d6 15. Kh1 Be6 16. Be4 Bxc4 17. Bd3 Be6 18. Qc2 Nb4 19. Qd2 Bxa2 20. h3 Bd5 21. Bf5 Bxf3 22. gxf3 Rxf3 23. Be4 Rxf2 24. Rxf2 Bxf2 25. Qxf2 d5 26. Bf5 a5 27. Rf1 Qe7 28. Bg4 Ra6 29. Re1 Qf6 30. Re8+ Kh7 31. Bf3 Re6 32. Rxe6 fxe6 33. Qg3 Qxb2 34. Bh5 Qc1+ 35. Kh2 Qd2+ 36. Qg2 Qxg2+ 0-1

[Event "OP-2011-0-01482"]
[Site "LSS email"]
[Date "2011.04.10"]
[Round "?"]
[White "McCarty, Andy"]
[Black "Pilipchuk, Andrey Vadimovich"]
[Result "0-1"]
[WhiteElo "710"]
[BlackElo "800"]
[PlyCount "40"]
[EventDate "2011.04.05"]
[EventType "tourn (corr)"]
[EventRounds "4"]
[EventCountry "GER"]
[SourceTitle "Telechess CBM 147"]
[Source "ChessBase"]
[SourceDate "2012.03.16"]
[SourceVersion "1"]
[SourceVersionDate "2012.03.16"]
[SourceQuality "1"]

1. d4 Nf6 2. Nf3 d5 3. c4 e6 4. e3 Be7 5. Nc3 0-0 6. Bd3 Nbd7 7. 0-0 dxc4 8. Bxc4 c5 9. Bd3 b6 10. dxc5 Nxc5 11. Nd4 Nxd3 12. Qxd3 e5 13. Nde2 Qxd3 14. Rd1 Qg6 15. Ng3 Bb7 16. Bd2 Rfd8 17. Nce2 Ne4 18. Bc3 Nxc3 19. Nxc3 h5 20. h3 h4 0-1

[Event "RN-2011-0-00369"]
[Site "LSS email"]
[Date "2011.04.10"]
[Round "?"]
[White "Mori, Roberto"]
[Black "McCarty, Andy"]
[Result "1-0"]
[WhiteElo "616"]
[BlackElo "710"]
[PlyCount "47"]
[EventDate "2011.03.31"]
[EventType "tourn (corr)"]
[EventRounds "6"]
[EventCountry "GER"]
[SourceTitle "Telechess CBM 147"]
[Source "ChessBase"]
[SourceDate "2012.03.16"]
[SourceVersion "1"]
[SourceVersionDate "2012.03.16"]
[SourceQuality "1"]

1. e4 e5 2. Nf3 Nc6 3. d4 exd4 4. Nxd4 Ne5 5. Nc3 Bb4 6. Bd2 Bxc3 7. Bxc3 Nf6 8. Bd3 d6 9. h3 Bd7 10. 0-0 Qc8 11. Nf5 0-0 12. Ne7+ Kh8 13. Nxc8 Raxc8 14. Bxe5 dxe5 15. Qe2 a6 16. Rad1 Rcd8 17. f4 exf4 18. Rxf4 Bc6 19. Rh4 g6 20. Qe3 h5 21. e5 Nd5 22. Qh6+ Kg8 23. Bxg6 fxg6 24. Qxg6+ 1-0

[Event "RN-2011-0-00369"]
[Site "LSS email"]
[Date "2011.04.10"]
[Round "?"]
[White "Vontina, Maria"]
[Black "McCarty, Andy"]
[Result "1-0"]
[WhiteElo "758"]
[BlackElo "710"]
[PlyCount "135"]
[EventDate "2011.03.31"]
[EventType "tourn (corr)"]
[EventRounds "6"]
[EventCountry "GER"]
[SourceTitle "Telechess CBM 147"]
[Source "ChessBase"]
[SourceDate "2012.03.16"]
[SourceVersion "1"]
[SourceVersionDate "2012.03.16"]
[SourceQuality "1"]

1. e4 e5 2. Nf3 Nc6 3. Bb5 d6 4. d4 Bd7 5. Nc3 Nf6 6. Bg5 Be7 7. 0-0 0-0 8. h3 a6 9. Ba4 h6 10. Be3 Na5 11. Bxd7 Qxd7 12. dxe5 Nh5 13. exd6 Qxd6 14. Qxd6 Bxd6 15. Rad1 Nf6 16. Nd2 Rfe8 17. f3 Nh5 18. Rfe1 Bg3 19. Bf2 Bd6 20. a3 Rad8 21. Nd5 c6 22. Nb6 Nf4 23. Nbc4 Nxc4 24. Nxc4 Bc7 25. a4 b5 26. axb5 axb5 27. Ne3 Ba5 28. c3 Bb6 29. Nc2 c5 30. Ne3 c4 31. Nc2 Bxf2+ 32. Kxf2 Nd3+ 33. Kf1 Nxe1 34. Kxe1 Kf8 35. Rxd8 Rxd8 36. Ke2 Ke7 37. Nd4 Rb8 38. Kd2 b4 39. Kc2 b3+ 40. Kc1 Ra8 41. Kb1 g6 42. g3 Kf6 43. h4 h5 44. Nc6 Ra6 45. Nd4 Rd6 46. Kc1 g5 47. hxg5+ Kxg5 48. Kd2 h4 49. gxh4+ Kxh4 50. Ke3 Ra6 51. Nb5 Ra2 52. Kd4 Rxb2 53. Kxc4 Kg3 54. Nd4 Rb1 55. Nxb3 Rf1 56. Nd2 Rf2 57. Kd3 Kf4 58. c4 Rg2 59. c5 Rg6 60. Kd4 Rg2 61. Nb3 Kxf3 62. c6 Rc2 63. Kd5 Kf4 64. Nd4 Ra2 65. c7 Ra8 66. Kd6 Kxe4 67. Nc6 f5 68. Nb8 1-0

[Event "RN-2011-0-00365"]
[Site "LSS email"]
[Date "2011.04.01"]
[Round "?"]
[White "Feng, Jason"]
[Black "McCarty, Andy"]
[Result "1-0"]
[WhiteElo "826"]
[BlackElo "685"]
[PlyCount "77"]
[EventDate "2011.03.20"]
[EventType "tourn (corr)"]
[EventRounds "6"]
[EventCountry "GER"]
[SourceTitle "Telechess CBM 145"]
[Source "Chessbase"]
[SourceDate "2011.11.11"]
[SourceVersion "1"]
[SourceVersionDate "2011.11.11"]
[SourceQuality "1"]

1. d4 d5 2. Nf3 Nf6 3. e3 Bg4 4. Bd3 e6 5. 0-0 Bd6 6. Nbd2 0-0 7. h3 Bh5 8. Re1 Nc6 9. b3 e5 10. dxe5 Bxe5 11. Rb1 Bc3 12. Bb2 Bxd2 13. Qxd2 Bxf3 14. gxf3 Qd7 15. Bxf6 gxf6 16. Kg2 Kh8 17. f4 Rg8+ 18. Kh2 Rg7 19. Rg1 Rag8 20. Rxg7 Rxg7 21. f3 Ne7 22. Qf2 Ng6 23. Rg1 f5 24. h4 h5 25. Rg5 Rh7 26. Bxf5 Qd6 27. Qg3 d4 28. Bxg6 fxg6 29. Rxg6 Qd8 30. exd4 Qf8 31. f5 Rg7 32. Rxg7 Qxg7 33. Qxg7+ Kxg7 34. Kg3 Kf6 35. Kf4 c6 36. c4 b6 37. Ke4 a6 38. f4 a5 39. a3 1-0

[Event "RN-2011-0-00365"]
[Site "LSS email"]
[Date "2011.03.31"]
[Round "?"]
[White "Hickl, Norbert"]
[Black "McCarty, Andy"]
[Result "1-0"]
[WhiteElo "1050"]
[BlackElo "685"]
[PlyCount "73"]
[EventDate "2011.03.20"]
[EventType "tourn (corr)"]
[EventRounds "6"]
[EventCountry "GER"]
[SourceTitle "Telechess CBM 145"]
[Source "Chessbase"]
[SourceDate "2011.11.11"]
[SourceVersion "1"]
[SourceVersionDate "2011.11.11"]
[SourceQuality "1"]

1. c4 e5 2. g3 Nc6 3. Bg2 Nf6 4. Nc3 Bc5 5. e3 d6 6. Nge2 Bg4 7. h3 Bh5 8. 0-0 0-0 9. g4 Bg6 10. a3 a6 11. d4 exd4 12. exd4 Ba7 13. Nf4 Bxd4 14. Nxg6 fxg6 15. Bxc6 bxc6 16. Qxd4 Re8 17. Bg5 Rb8 18. b4 Re5 19. Bxf6 Qxf6 20. Qa7 Ree8 21. Nd1 Qxa1 22. Qxa6 Ra8 23. Qxc6 Qxa3 24. b5 Rac8 25. Ne3 Rf8 26. Nd5 Rfe8 27. Nxc7 Re5 28. Qd7 Rf8 29. Ne6 Rxe6 30. Qxe6+ Kh8 31. Qe7 Kg8 32. b6 Qxh3 33. Qe6+ Kh8 34. b7 h5 35. Qc8 Qxg4+ 36. Qxg4 hxg4 37. Ra1 1-0

[Event "ZN-2011-0-01418"]
[Site "LSS email"]
[Date "2011.03.27"]
[Round "?"]
[White "Simmons, Ernest"]
[Black "McCarty, Andy"]
[Result "0-1"]
[WhiteElo "721"]
[BlackElo "685"]
[PlyCount "58"]
[EventDate "2011.03.25"]
[EventType "match (corr)"]
[EventRounds "2"]
[EventCountry "GER"]
[SourceTitle "Telechess CBM 145"]
[Source "Chessbase"]
[SourceDate "2011.11.11"]
[SourceVersion "1"]
[SourceVersionDate "2011.11.11"]
[SourceQuality "1"]

1. d4 d5 2. c4 dxc4 3. Nc3 Nc6 4. e3 Nf6 5. Bxc4 e6 6. Nf3 Bb4 7. Bd2 0-0 8. 0-0 b6 9. a3 Bxc3 10. Bxc3 Bb7 11. Bd3 Ne7 12. Be2 Ng6 13. Bb4 Re8 14. Bb5 c6 15. Be2 Nd5 16. Bd2 a6 17. e4 Nde7 18. Bc3 Qc7 19. e5 Rad8 20. Qc2 Nd5 21. Bd2 c5 22. dxc5 bxc5 23. Bc4 Ndf4 24. Rfe1 Bxf3 25. Bxf4 Nxf4 26. gxf3 Qe7 27. Kh1 Qh4 28. Bf1 Qh5 29. Qxc5 Qxf3+ 0-1

[Event "RN-2011-0-00362"]
[Site "LSS email"]
[Date "2011.03.23"]
[Round "?"]
[White "Vontina, Maria"]
[Black "McCarty, Andy"]
[Result "0-1"]
[WhiteElo "758"]
[BlackElo "710"]
[PlyCount "38"]
[EventDate "2011.03.11"]
[EventType "tourn (corr)"]
[EventRounds "6"]
[EventCountry "GER"]
[SourceTitle "Telechess CBM 147"]
[Source "ChessBase"]
[SourceDate "2012.03.16"]
[SourceVersion "1"]
[SourceVersionDate "2012.03.16"]
[SourceQuality "1"]

1. e4 e5 2. Nf3 Nc6 3. Bb5 d6 4. d4 Bd7 5. Nc3 Nf6 6. Bg5 Be7 7. 0-0 a6 8. Ba4 0-0 9. Re1 h6 10. Bh4 Bg4 11. h3 Bxf3 12. gxf3 exd4 13. Bxc6 bxc6 14. Qxd4 Nh5 15. Bxe7 Qxe7 16. Kh2 Nf4 17. e5 Qh4 18. Re4 Qxh3+ 19. Kg1 Qg2# 0-1

[Event "OP-2011-0-01445"]
[Site "LSS email"]
[Date "2011.03.17"]
[Round "?"]
[White "McCarty, Andy"]
[Black "Lykhomano, Romano"]
[Result "1-0"]
[WhiteElo "685"]
[BlackElo "836"]
[PlyCount "41"]
[EventDate "2011.03.13"]
[EventType "tourn (corr)"]
[EventRounds "4"]
[EventCountry "GER"]
[SourceTitle "Telechess CBM 145"]
[Source "Chessbase"]
[SourceDate "2011.11.11"]
[SourceVersion "1"]
[SourceVersionDate "2011.11.11"]
[SourceQuality "1"]

1. d4 Nf6 2. c4 g6 3. Nc3 Bg7 4. Nf3 0-0 5. e3 d6 6. Be2 c5 7. d5 e5 8. e4 Nh5 9. 0-0 f5 10. Bg5 Bf6 11. Qd2 a6 12. Bh6 Bg7 13. Bxg7 Kxg7 14. Ng5 Nf4 15. h4 Nxe2+ 16. Qxe2 h6 17. Ne6+ Bxe6 18. dxe6 Qe7 19. exf5 gxf5 20. Nd5 Qxh4 21. e7 1-0

[Event "SN-2011-0-00322"]
[Site "LSS email"]
[Date "2011.03.15"]
[Round "?"]
[White "Sagi, Raju"]
[Black "McCarty, Andy"]
[Result "0-1"]
[WhiteElo "314"]
[BlackElo "685"]
[PlyCount "64"]
[EventDate "2011.03.04"]
[EventType "tourn (corr)"]
[EventRounds "6"]
[EventCountry "GER"]
[SourceTitle "Telechess CBM 145"]
[Source "Chessbase"]
[SourceDate "2011.11.11"]
[SourceVersion "1"]
[SourceVersionDate "2011.11.11"]
[SourceQuality "1"]

1. e4 e5 2. d3 Nc6 3. Be2 Nf6 4. Nf3 Bc5 5. 0-0 d6 6. Nc3 0-0 7. Nd5 Be6 8. Bg5 Bxd5 9. exd5 Nd4 10. Nxd4 Bxd4 11. c4 c6 12. Rb1 h6 13. Be3 c5 14. Bxd4 cxd4 15. Bh5 Nxh5 16. Qxh5 Qf6 17. b3 b6 18. Rbe1 Rac8 19. Qe2 Rfe8 20. Qd2 Rc7 21. Qb4 Qg6 22. g3 Rd8 23. Qa3 Qxd3 24. Qb2 Re7 25. Rd1 Qf3 26. Rfe1 h5 27. h4 f5 28. Qa3 f4 29. Qc1 fxg3 30. fxg3 Qxg3+ 31. Kf1 Rf8+ 32. Ke2 Rf2# 0-1

[Event "SN-2011-0-00322"]
[Site "LSS email"]
[Date "2011.03.14"]
[Round "?"]
[White "McCarty, Andy"]
[Black "Hickl, Norbert"]
[Result "0-1"]
[WhiteElo "685"]
[BlackElo "1050"]
[PlyCount "76"]
[EventDate "2011.03.04"]
[EventType "tourn (corr)"]
[EventRounds "6"]
[EventCountry "GER"]
[SourceTitle "Telechess CBM 145"]
[Source "Chessbase"]
[SourceDate "2011.11.11"]
[SourceVersion "1"]
[SourceVersionDate "2011.11.11"]
[SourceQuality "1"]

1. d4 e6 2. c4 Nf6 3. Nf3 d5 4. Nc3 Bb4 5. Bg5 Nbd7 6. Bxf6 Nxf6 7. e3 Bxc3+ 8. bxc3 c5 9. cxd5 Nxd5 10. Qc2 Qa5 11. Bc4 Qxc3+ 12. Qxc3 Nxc3 13. dxc5 Bd7 14. 0-0 Rc8 15. Rac1 Ne4 16. Ne5 Nxc5 17. Nxd7 Kxd7 18. Rfd1+ Ke7 19. Be2 b6 20. Bb5 Rhd8 21. Kf1 Rxd1+ 22. Rxd1 Rd8 23. Ke2 Rxd1 24. Kxd1 Ne4 25. Be2 Nc3+ 26. Kd2 Nxa2 27. Bd3 h6 28. Kc2 Nb4+ 29. Kc3 Nxd3 30. Kxd3 b5 31. Kc3 a5 32. Kb3 a4+ 33. Kb4 Kd6 34. f3 e5 35. e4 g6 36. h3 f5 37. g3 fxe4 38. fxe4 Ke6 0-1

[Event "SN-2011-0-00322"]
[Site "LSS email"]
[Date "2011.03.14"]
[Round "?"]
[White "McCarty, Andy"]
[Black "Venturas, Bob"]
[Result "1-0"]
[WhiteElo "685"]
[BlackElo "648"]
[PlyCount "53"]
[EventDate "2011.03.04"]
[EventType "tourn (corr)"]
[EventRounds "6"]
[EventCountry "GER"]
[SourceTitle "Telechess CBM 145"]
[Source "Chessbase"]
[SourceDate "2011.11.11"]
[SourceVersion "1"]
[SourceVersionDate "2011.11.11"]
[SourceQuality "1"]

1. d4 d5 2. Nf3 h6 3. c4 Nf6 4. Nc3 Nc6 5. e3 a6 6. Be2 Bf5 7. cxd5 Nb8 8. 0-0 Qd6 9. Bd3 Bg4 10. Be2 e6 11. dxe6 Bxe6 12. Qc2 g6 13. Qa4+ b5 14. Bxb5+ Bd7 15. Ne5 Be7 16. Nxd7 Nbxd7 17. e4 Qb6 18. e5 0-0 19. Bxd7 Nxd7 20. Qxd7 Rfe8 21. Bxh6 Kh7 22. Qh3 Kg8 23. Be3 Qxb2 24. Nd5 Bd8 25. Nf6+ Bxf6 26. exf6 Qb5 27. Qh6 1-0

[Event "SN-2011-0-00322"]
[Site "LSS email"]
[Date "2011.03.14"]
[Round "?"]
[White "Secondi, Alberto"]
[Black "McCarty, Andy"]
[Result "0-1"]
[WhiteElo "575"]
[BlackElo "685"]
[PlyCount "82"]
[EventDate "2011.03.04"]
[EventType "tourn (corr)"]
[EventRounds "6"]
[EventCountry "GER"]
[SourceTitle "Telechess CBM 145"]
[Source "Chessbase"]
[SourceDate "2011.11.11"]
[SourceVersion "1"]
[SourceVersionDate "2011.11.11"]
[SourceQuality "1"]

1. e4 e5 2. f4 exf4 3. Nf3 Nc6 4. d4 d6 5. Bb5 Bd7 6. Bxf4 Nf6 7. Nc3 a6 8. Ba4 Be7 9. 0-0 0-0 10. e5 dxe5 11. Bxc6 exf4 12. Bxd7 Qxd7 13. Ne5 Qf5 14. Qf3 g5 15. g4 Qc8 16. h4 h6 17. hxg5 hxg5 18. Kg2 Bd6 19. Rh1 Bxe5 20. Qh3 Qxg4+ 21. Qxg4 Nxg4 22. dxe5 Nxe5 23. Rh5 f6 24. Rah1 Ng6 25. Nd5 Kf7 26. Re1 Ne5 27. Rh7+ Kg6 28. Reh1 Rad8 29. R1h6+ Kf5 30. Nxc7 Rd2+ 31. Kf1 Rxc2 32. Nd5 Ng4 33. Ne7+ Ke6 34. Rh3 Rxb2 35. Ng6 Rc8 36. Re7+ Kf5 37. Rhh7 Ne3+ 38. Rxe3 fxe3 39. Ne7+ Kf4 40. Nd5+ Ke5 41. Nxe3 Rc1+ 0-1

[Event "RN-2011-0-00359"]
[Site "LSS email"]
[Date "2011.03.14"]
[Round "?"]
[White "Smith, Harry E"]
[Black "McCarty, Andy"]
[Result "0-1"]
[WhiteElo "601"]
[BlackElo "685"]
[PlyCount "88"]
[EventDate "2011.03.01"]
[EventType "tourn (corr)"]
[EventRounds "6"]
[EventCountry "GER"]
[SourceTitle "Telechess CBM 145"]
[Source "Chessbase"]
[SourceDate "2011.11.11"]
[SourceVersion "1"]
[SourceVersionDate "2011.11.11"]
[SourceQuality "1"]

1. e4 e5 2. Nf3 Nc6 3. g3 Nf6 4. d3 Bc5 5. Bg2 d6 6. 0-0 Bg4 7. Bg5 0-0 8. Nbd2 h6 9. Bxf6 Qxf6 10. a3 a6 11. c3 Rad8 12. b4 Ba7 13. a4 b5 14. axb5 axb5 15. c4 Bd4 16. Rb1 Bc3 17. cxb5 Nd4 18. Kh1 Bxd2 19. Qxd2 Bxf3 20. Qe3 Bxg2+ 21. Kxg2 Nxb5 22. Rfc1 Qe7 23. Rb3 Ra8 24. Qe2 Nd4 25. Qb2 Nxb3 26. Qxb3 Kh8 27. b5 f5 28. b6 cxb6 29. Qxb6 fxe4 30. dxe4 Ra2 31. Rf1 Qf6 32. Kg1 Re2 33. h4 Rxe4 34. Qb3 Re2 35. Qb6 e4 36. f4 Qg6 37. Qb3 Rd2 38. Qe3 Rd3 39. Qf2 Rxg3+ 40. Kh2 Rd3 41. Rg1 Qe6 42. Qg2 Rf7 43. Rb1 e3 44. Rb8+ Kh7 0-1

[Event "RN-2011-0-00357"]
[Site "LSS email"]
[Date "2011.03.08"]
[Round "?"]
[White "Tutov, Nikolay"]
[Black "McCarty, Andy"]
[Result "1-0"]
[WhiteElo "1141"]
[BlackElo "685"]
[PlyCount "81"]
[EventDate "2011.02.22"]
[EventType "tourn (corr)"]
[EventRounds "6"]
[EventCountry "GER"]
[SourceTitle "Telechess CBM 145"]
[Source "Chessbase"]
[SourceDate "2011.11.11"]
[SourceVersion "1"]
[SourceVersionDate "2011.11.11"]
[SourceQuality "1"]

1. Nf3 d5 2. d4 Nf6 3. Nc3 e6 4. Bf4 Bb4 5. e3 0-0 6. Bd3 Nc6 7. 0-0 Nh5 8. Bg5 f6 9. Bh4 g5 10. Nxg5 fxg5 11. Qxh5 Rf7 12. Bxg5 Qd7 13. a3 Bxc3 14. bxc3 e5 15. c4 e4 16. cxd5 Qxd5 17. c4 Qf5 18. Bc2 Bd7 19. f3 Rg7 20. h4 Be8 21. Qg4 Qxg4 22. fxg4 Bf7 23. Rf5 Bxc4 24. Rc5 Bd3 25. Bb3+ Kf8 26. Bh6 Rd8 27. Bxg7+ Kxg7 28. Ba4 Rd6 29. Bxc6 bxc6 30. Rac1 Bb5 31. Re5 Bd3 32. Re7+ Kg6 33. Rxc7 a6 34. R7xc6 Rxc6 35. Rxc6+ Kf7 36. g5 Be2 37. Kf2 Bd3 38. Kg3 Be2 39. Kf4 Bd3 40. Kf5 Kg7 41. Rc7+ 1-0

[Event "SN-2011-0-00318"]
[Site "LSS email"]
[Date "2011.03.05"]
[Round "?"]
[White "McCarty, Andy"]
[Black "Vontina, Maria"]
[Result "0-1"]
[WhiteElo "685"]
[BlackElo "599"]
[PlyCount "66"]
[EventDate "2011.02.19"]
[EventType "tourn (corr)"]
[EventRounds "6"]
[EventCountry "GER"]
[SourceTitle "Telechess CBM 145"]
[Source "Chessbase"]
[SourceDate "2011.11.11"]
[SourceVersion "1"]
[SourceVersionDate "2011.11.11"]
[SourceQuality "1"]

1. Nf3 Nf6 2. g3 g6 3. Bg2 Bg7 4. d4 c6 5. c4 0-0 6. Nc3 d6 7. 0-0 Bg4 8. h3 Bc8 9. b3 d5 10. Bb2 e6 11. cxd5 exd5 12. e3 Bf5 13. Nd2 Nbd7 14. e4 Nxe4 15. Ncxe4 dxe4 16. Nxe4 Nb6 17. Re1 Nd5 18. Nc5 Qc7 19. h4 Rad8 20. h5 Rfe8 21. hxg6 hxg6 22. g4 Bc8 23. g5 Bf5 24. Nd3 Nf4 25. Nxf4 Qxf4 26. Rxe8+ Rxe8 27. Bc1 Qxd4 28. Bb2 Qxb2 29. Rc1 Re2 30. Qd8+ Kh7 31. Rf1 Bd4 32. Bf3 Rxf2 33. Rxf2 Qxf2+ 0-1

[Event "SN-2011-0-00318"]
[Site "LSS email"]
[Date "2011.03.05"]
[Round "?"]
[White "Mori, Roberto"]
[Black "McCarty, Andy"]
[Result "1-0"]
[WhiteElo "601"]
[BlackElo "685"]
[PlyCount "107"]
[EventDate "2011.02.19"]
[EventType "tourn (corr)"]
[EventRounds "6"]
[EventCountry "GER"]
[SourceTitle "Telechess CBM 145"]
[Source "Chessbase"]
[SourceDate "2011.11.11"]
[SourceVersion "1"]
[SourceVersionDate "2011.11.11"]
[SourceQuality "1"]

1. e4 e5 2. Nf3 Nc6 3. d4 exd4 4. Nxd4 Nxd4 5. Qxd4 d6 6. h3 Bd7 7. Be2 Nf6 8. Nc3 Be7 9. Bg5 h6 10. Bh4 0-0 11. 0-0 Bc6 12. Rfd1 Nd7 13. Bg3 Bf6 14. Qb4 Re8 15. Re1 Bxc3 16. Qxc3 Nf6 17. f3 Nh5 18. Bf2 Nf4 19. Bd4 f6 20. Bc4+ d5 21. Bb3 Kh8 22. Qe3 Qd6 23. Bc5 Qe5 24. Bd4 Qd6 25. Bc5 Qe5 26. Bxa7 Qg5 27. g4 dxe4 28. Kh2 f5 29. Qf2 exf3 30. Be3 fxg4 31. h4 g3+ 32. Qxg3 Qxg3+ 33. Kxg3 Ne2+ 34. Kf2 Rad8 35. Bc4 Nd4 36. Bxd4 Rxe1 37. Bxg7+ Kxg7 38. Rxe1 Rd2+ 39. Kg3 Rxc2 40. Bd3 Rxb2 41. Bc4 Rg2+ 42. Kh3 Bd7+ 43. Be6 Bb5 44. Bd5 f2 45. Re7+ Kh8 46. Bxg2 f1Q 47. Bxf1 Bxf1+ 48. Kg3 b5 49. Rxc7 h5 50. Rc5 Be2 51. Kf2 Bg4 52. Rxb5 Kg7 53. a4 Bd7 54. Rb7 1-0

[Event "RN-2011-0-00354"]
[Site "LSS email"]
[Date "2011.02.25"]
[Round "?"]
[White "Bester, Kazimierz"]
[Black "McCarty, Andy"]
[Result "0-1"]
[WhiteElo "684"]
[BlackElo "685"]
[PlyCount "73"]
[EventDate "2011.02.10"]
[EventType "tourn (corr)"]
[EventRounds "6"]
[EventCountry "GER"]
[SourceTitle "Telechess CBM 145"]
[Source "Chessbase"]
[SourceDate "2011.11.11"]
[SourceVersion "1"]
[SourceVersionDate "2011.11.11"]
[SourceQuality "1"]

1. f4 Nf6 2. Nf3 d5 3. e3 Bg4 4. Be2 Nc6 5. 0-0 Bxf3 6. Rxf3 e5 7. c3 e4 8. Rh3 Qd7 9. d4 0-0-0 10. a4 Kb8 11. b4 a6 12. b5 axb5 13. Bxb5 Bd6 14. Nd2 Be7 15. Nb3 h6 16. Na5 Qd6 17. Qb3 Nxa5 18. Qa2 g5 19. Ba3 Qe6 20. Bxe7 Qxe7 21. fxg5 hxg5 22. Rxh8 Rxh8 23. Rf1 Qd6 24. Rf5 Qxh2+ 25. Kf2 Ng4+ 26. Ke1 Qg3+ 27. Kd1 Rh1+ 28. Rf1 Rxf1+ 29. Bxf1 Nxe3+ 30. Ke2 Nxf1 31. Kxf1 Nc4 32. a5 Ka7 33. Kg1 Qxc3 34. Kh2 e3 35. Qe2 Qxd4 36. g3 Qd2 37. Qxd2 0-1

[Event "RN-2011-0-00354"]
[Site "LSS email"]
[Date "2011.02.25"]
[Round "?"]
[White "McCarty, Andy"]
[Black "Feng, Jason"]
[Result "1/2-1/2"]
[WhiteElo "685"]
[BlackElo "826"]
[PlyCount "109"]
[EventDate "2011.02.10"]
[EventType "tourn (corr)"]
[EventRounds "6"]
[EventCountry "GER"]
[SourceTitle "Telechess CBM 145"]
[Source "Chessbase"]
[SourceDate "2011.11.11"]
[SourceVersion "1"]
[SourceVersionDate "2011.11.11"]
[SourceQuality "1"]

1. Nf3 Nc6 2. d4 d5 3. c4 Bg4 4. Nc3 Bxf3 5. exf3 dxc4 6. Be3 e5 7. d5 Nce7 8. Bxc4 a6 9. 0-0 Nf6 10. Bg5 h6 11. Bxf6 gxf6 12. Re1 Ng6 13. Ne4 f5 14. Nc3 Bd6 15. g3 Qf6 16. Qa4+ Kf8 17. Nb5 Kg7 18. Nxd6 cxd6 19. Qc2 f4 20. Qe2 fxg3 21. fxg3 h5 22. Bd3 h4 23. g4 Nf4 24. Qe4 Nxd3 25. Qxd3 Qf4 26. h3 Qg3+ 27. Kf1 Qxh3+ 28. Ke2 Qg2+ 29. Ke3 Qxb2 30. a4 Qb6+ 31. Ke2 Qb2+ 32. Qd2 Qxd2+ 33. Kxd2 h3 34. Rh1 Rac8 35. Kd3 Rc5 36. Rab1 Rxd5+ 37. Ke2 b5 38. axb5 axb5 39. Rb4 Kf6 40. Ke3 Kg5 41. Rh2 f5 42. gxf5 Kxf5 43. Rg4 Rd1 44. Ke2 Rd4 45. Rg3 b4 46. Rgxh3 Rxh3 47. Rxh3 Rc4 48. Kd2 Kf4 49. Rh4+ Kxf3 50. Rxc4 d5 51. Rxb4 e4 52. Rb3+ Kf4 53. Rb4 Kf3 54. Rd4 Kf2 55. Rxd5 1/2-1/2

[Event "RN-2011-0-00350"]
[Site "LSS email"]
[Date "2011.02.11"]
[Round "?"]
[White "Molina, Vicente Andres"]
[Black "McCarty, Andy"]
[Result "1-0"]
[WhiteElo "801"]
[BlackElo "685"]
[PlyCount "53"]
[EventDate "2011.01.27"]
[EventType "tourn (corr)"]
[EventRounds "6"]
[EventCountry "GER"]
[SourceTitle "Telechess CBM 145"]
[Source "Chessbase"]
[SourceDate "2011.11.11"]
[SourceVersion "1"]
[SourceVersionDate "2011.11.11"]
[SourceQuality "1"]

1. c4 Nf6 2. Nc3 g6 3. g3 Bg7 4. Bg2 0-0 5. d4 d5 6. cxd5 Nxd5 7. e4 Nb6 8. Nge2 Bg4 9. f3 Bc8 10. Be3 Nc6 11. 0-0 e6 12. f4 Nc4 13. Bc1 Nxd4 14. Nxd4 Bxd4+ 15. Kh1 c5 16. Nb5 Qb6 17. Nxd4 Bd7 18. Nb3 Ba4 19. Qd3 Bxb3 20. axb3 Nd6 21. Be3 Rac8 22. Rfd1 Rfd8 23. Qc3 Nb5 24. Qf6 Nd4 25. b4 Qxb4 26. f5 exf5 27. Bh6 1-0

[Event "RN-2011-0-00350"]
[Site "LSS email"]
[Date "2011.02.10"]
[Round "?"]
[White "McCarty, Andy"]
[Black "Trebichalsky, Rastislav"]
[Result "1-0"]
[WhiteElo "685"]
[BlackElo "468"]
[PlyCount "45"]
[EventDate "2011.01.27"]
[EventType "tourn (corr)"]
[EventRounds "6"]
[EventCountry "GER"]
[SourceTitle "Telechess CBM 145"]
[Source "Chessbase"]
[SourceDate "2011.11.11"]
[SourceVersion "1"]
[SourceVersionDate "2011.11.11"]
[SourceQuality "1"]

1. d4 e5 2. dxe5 Nc6 3. Nf3 Bc5 4. Nc3 Bf8 5. Bg5 Nge7 6. Nd4 Nxe5 7. Nf5 f6 8. Nxe7 Bxe7 9. Bh4 Bb4 10. e3 Bxc3+ 11. bxc3 d6 12. Bb5+ c6 13. Bd3 Qe7 14. 0-0 Be6 15. f4 Nd7 16. Qh5+ g6 17. Bxg6+ Bf7 18. f5 0-0-0 19. Bxf7 Qxe3+ 20. Kh1 Qxc3 21. Be6 Kc7 22. Qd1 Ne5 23. Bxf6 1-0